<?xml version="1.0" encoding="UTF-8"?>
<record
    xmlns:xsi="http://www.w3.org/2001/XMLSchema-instance"
    xsi:schemaLocation="http://www.loc.gov/MARC21/slim http://www.loc.gov/standards/marcxml/schema/MARC21slim.xsd"
    xmlns="http://www.loc.gov/MARC21/slim">

  <leader>00837nam a22001577a 4500</leader>
  <controlfield tag="005">20260701140404.0</controlfield>
  <datafield tag="020" ind1=" " ind2=" ">
    <subfield code="a">9798998687419</subfield>
  </datafield>
  <datafield tag="082" ind1=" " ind2=" ">
    <subfield code="a">658.4092DAL</subfield>
  </datafield>
  <datafield tag="100" ind1=" " ind2=" ">
    <subfield code="a">Baggini, Julian.</subfield>
  </datafield>
  <datafield tag="245" ind1=" " ind2=" ">
    <subfield code="a">How the world thinks</subfield>
    <subfield code="b">The Top 15 Mistakes Leaders Make and How to Fix Them</subfield>
  </datafield>
  <datafield tag="260" ind1=" " ind2=" ">
    <subfield code="b">Zero-To-Sixty Publishing</subfield>
    <subfield code="c">2025</subfield>
  </datafield>
  <datafield tag="300" ind1=" " ind2=" ">
    <subfield code="a">169.</subfield>
  </datafield>
  <datafield tag="520" ind1=" " ind2=" ">
    <subfield code="a">And to make things worse, a lot of leadership books don&#x2019;t make it any less confusing or any easier. They just throw a bunch of theory at you, leaving you to wonder &#x201C;but what do I actually need to do to be a better leader?&#x201D;

In How To Suck As A Leader, Travis Dalrymple delivers no-BS leadership tactics that you can implement today. Instead of useless theory, he tells you exactly how to lead high performing and high morale teams.</subfield>
  </datafield>
  <datafield tag="650" ind1=" " ind2=" ">
    <subfield code="a">Leadership.</subfield>
  </datafield>
  <datafield tag="942" ind1=" " ind2=" ">
    <subfield code="c">BK</subfield>
  </datafield>
  <datafield tag="999" ind1=" " ind2=" ">
    <subfield code="c">11540</subfield>
    <subfield code="d">11540</subfield>
  </datafield>
  <datafield tag="952" ind1=" " ind2=" ">
    <subfield code="0">0</subfield>
    <subfield code="1">0</subfield>
    <subfield code="4">0</subfield>
    <subfield code="7">0</subfield>
    <subfield code="a">U001</subfield>
    <subfield code="b">U001</subfield>
    <subfield code="c">Leadership</subfield>
    <subfield code="d">2026-06-19</subfield>
    <subfield code="g">44348.00</subfield>
    <subfield code="l">0</subfield>
    <subfield code="o">658.409DAL</subfield>
    <subfield code="p">UR010562</subfield>
    <subfield code="r">2026-07-01 14:05:50</subfield>
    <subfield code="w">2026-07-01</subfield>
    <subfield code="y">BK</subfield>
  </datafield>
  <datafield tag="952" ind1=" " ind2=" ">
    <subfield code="0">0</subfield>
    <subfield code="1">0</subfield>
    <subfield code="4">0</subfield>
    <subfield code="7">0</subfield>
    <subfield code="a">U001</subfield>
    <subfield code="b">U001</subfield>
    <subfield code="c">Leadership</subfield>
    <subfield code="d">2026-06-19</subfield>
    <subfield code="g">44348.00</subfield>
    <subfield code="l">0</subfield>
    <subfield code="o">658.409DAL</subfield>
    <subfield code="p">UR010561</subfield>
    <subfield code="r">2026-07-01 14:06:07</subfield>
    <subfield code="w">2026-07-01</subfield>
    <subfield code="y">BK</subfield>
  </datafield>
</record>
